000 00295nam a2200133Ia 4500
005 20251222144829.0
008 251222s9999||||xx |||||||||||||| ||spa||
020 _a968-445-077-X
082 _a613.79/H49
100 _aHewitt, James
245 0 _aRelajación:
264 _bEDAF
942 _cLIB
999 _c20775
_d20775